[Event "ICS rated blitz match"]
[Site "164.58.253.13"]
[Date "2000.12.26"]
[Round "?"]
[White "Blechkiste"]
[Black "Hossa"]
[Result "1-0"]
[WhiteElo "2555"]
[BlackElo "2138"]
[PlyCount "101"]
[EventDate "2000.??.??"]

1. d4 e6 2. e4 d5 3. Nd2 Nf6 4. e5 Nfd7 5. Ngf3 c5 6. c3 cxd4 7. cxd4 Nc6 8.
Bd3 Nb4 9. Bb1 b6 10. a3 Nc6 11. Bd3 Bb7 12. b4 Be7 13. b5 Na5 14. Qe2 Nf8 15.
Bb2 Ng6 16. Qe3 Rc8 17. Rc1 Rxc1+ 18. Bxc1 Qc7 19. Bb2 Nc4 20. Nxc4 dxc4 21.
Qc1 Bd5 22. h4 Bxf3 23. gxf3 Nxh4 24. Qxc4 Nxf3+ 25. Ke2 Qxc4 26. Bxc4 Nh4 27.
d5 exd5 28. Bxd5 h5 29. Bc6+ Kf8 30. Rd1 Ng6 31. Rd7 Nf4+ 32. Kf3 g5 33. Rxa7
Ne6 34. Bd5 Rh6 35. a4 Nf4 36. Ra8+ Kg7 37. e6+ f6 38. Bb3 Nd3 39. Re8 Nxb2 40.
Rxe7+ Kf8 41. Rf7+ Ke8 42. Bd5 Kd8 43. Bc6 Kc8 44. e7 g4+ 45. Ke2 Rh8 46. Rf8+
Kc7 47. e8=Q Kd6 48. Qe3 Rxf8 49. Qd4+ Ke6 50. Qd5+ Ke7 51. Qd7# {
Hossa checkmated} 1-0

[Event "ICS rated blitz match"]
[Site "164.58.253.13"]
[Date "2000.12.26"]
[Round "?"]
[White "Hossa"]
[Black "Ildefons"]
[Result "1-0"]
[WhiteElo "2133"]
[BlackElo "1804"]
[PlyCount "49"]
[EventDate "2000.??.??"]

1. d4 d5 2. c4 e6 3. Nf3 Nf6 4. g3 c6 5. cxd5 exd5 6. Bg2 Bd6 7. O-O Bg4 8. Ne5
Nbd7 9. Nxg4 Nxg4 10. e4 h5 11. exd5 cxd5 12. Bxd5 Ndf6 13. Bxb7 h4 14. h3 hxg3
15. hxg4 g2 16. Kxg2 Rb8 17. Bc6+ Kf8 18. Rh1 Rxh1 19. Qxh1 Qc8 20. Bf3 Qc2 21.
Nc3 Qg6 22. Qh4 Rb4 23. g5 Nh7 24. Nd5 Rb5 25. Kf1 {Ildefons resigns} 1-0

[Event "ICS rated blitz match"]
[Site "164.58.253.13"]
[Date "2000.12.26"]
[Round "?"]
[White "Ildefons"]
[Black "Hossa"]
[Result "0-1"]
[WhiteElo "1800"]
[BlackElo "2140"]
[PlyCount "80"]
[EventDate "2000.??.??"]

1. c4 c5 2. Nc3 Nf6 3. g3 d5 4. cxd5 Nxd5 5. Bg2 Nc7 6. Nf3 Nc6 7. O-O e5 8. d3
Be7 9. Bd2 O-O 10. a3 Bf5 11. Rc1 Qd7 12. Na4 Na6 13. Be3 b6 14. Nd2 Bh3 15.
Bxh3 Qxh3 16. b4 Nd4 17. bxc5 Nxc5 18. Nxc5 Bxc5 19. Ne4 Bxa3 20. Rc3 Bb4 21.
Bxd4 exd4 22. Rc4 Be7 23. Rxd4 a5 24. Qb3 Rfb8 25. Rc1 Rc8 26. Rdc4 Rxc4 27.
Rxc4 Qe6 28. Qb5 Rd8 29. Rc6 Qa2 30. Rxb6 Qxe2 31. Rb8 Rxb8 32. Qxb8+ Bf8 33.
Qd8 a4 34. Qa8 a3 35. Nc5 a2 36. Nd7 h5 37. Qxf8+ Kh7 38. Nf6+ Kg6 39. Nxh5
a1=Q+ 40. Kg2 Qaf1# {Ildefons checkmated} 0-1

[Event "ICS rated blitz match"]
[Site "164.58.253.13"]
[Date "2000.12.26"]
[Round "?"]
[White "Hossa"]
[Black "Ildefons"]
[Result "1-0"]
[WhiteElo "2147"]
[BlackElo "1797"]
[PlyCount "41"]
[EventDate "2000.??.??"]

1. d4 d5 2. c4 e6 3. Nf3 Nf6 4. g3 c6 5. cxd5 exd5 6. Bg2 Bf5 7. O-O Nbd7 8.
Nh4 Bg6 9. Nxg6 hxg6 10. h3 Bd6 11. Nc3 Qc7 12. Qc2 Nb6 13. b3 O-O-O 14. a4
Bxg3 15. fxg3 Qxg3 16. Bf4 Qh4 17. a5 Nbd7 18. Nb5 Nf8 19. a6 g5 20. axb7+ Kxb7
21. Rxa7+ {Ildefons resigns} 1-0

[Event "ICS rated blitz match"]
[Site "164.58.253.13"]
[Date "2000.12.26"]
[Round "?"]
[White "Ildefons"]
[Black "Hossa"]
[Result "0-1"]
[WhiteElo "1794"]
[BlackElo "2153"]
[PlyCount "48"]
[EventDate "2000.??.??"]

1. c4 e6 2. d4 Nf6 3. Nc3 d5 4. e3 dxc4 5. Bxc4 Bb4 6. Nge2 O-O 7. O-O Nc6 8.
a3 Be7 9. b4 a6 10. Bb2 Bd6 11. h3 Qe7 12. Rc1 Rd8 13. Qc2 Bd7 14. Ba2 a5 15.
b5 Na7 16. a4 c6 17. b6 Nc8 18. e4 e5 19. f4 exd4 20. e5 dxc3 21. exd6 Qe3+ 22.
Kh1 cxb2 23. Qxb2 Qxb6 24. Qd2 Ne4 {Ildefons resigns} 0-1

[Event "ICS rated blitz match"]
[Site "164.58.253.13"]
[Date "2000.12.26"]
[Round "?"]
[White "Hossa"]
[Black "DrBang"]
[Result "1-0"]
[WhiteElo "2159"]
[BlackElo "1689"]
[PlyCount "53"]
[EventDate "2000.??.??"]

1. d4 c6 2. c4 g6 3. e4 Bg7 4. Nf3 d5 5. cxd5 cxd5 6. exd5 Qxd5 7. Nc3 Qa5 8.
Bd3 e6 9. O-O Ne7 10. Bf4 Nbc6 11. Nb5 O-O 12. Bc7 Qb4 13. Bd6 Qa5 14. Nc7 Rb8
15. b4 Qb6 16. Nb5 Bd7 17. Bc7 Qa6 18. Qb3 Nd5 19. Bxb8 Rxb8 20. Nc7 Qb6 21.
Nxd5 exd5 22. Qxd5 Be6 23. Qc5 Qxb4 24. Qxb4 Nxb4 25. Bb1 Rd8 26. Be4 Nc2 27.
Bxc2 {DrBang resigns} 1-0

[Event "ICS rated blitz match"]
[Site "164.58.253.13"]
[Date "2000.12.26"]
[Round "?"]
[White "DrBang"]
[Black "Hossa"]
[Result "0-1"]
[WhiteElo "1688"]
[BlackElo "2162"]
[PlyCount "32"]
[EventDate "2000.??.??"]

1. e3 d5 2. d3 e5 3. Nd2 Nf6 4. Nb3 a5 5. Be2 a4 6. Nd2 Bd6 7. Ngf3 O-O 8. O-O
Bf5 9. c4 c6 10. Nh4 Be6 11. f4 exf4 12. exf4 Bc5+ 13. Kh1 Re8 14. Ndf3 dxc4
15. dxc4 Qxd1 16. Rxd1 Ne4 {DrBang resigns} 0-1

[Event "ICS rated standard match"]
[Site "164.58.253.13"]
[Date "2000.12.26"]
[Round "?"]
[White "Hossa"]
[Black "alexyakimov"]
[Result "1-0"]
[WhiteElo "2206"]
[BlackElo "2081"]
[PlyCount "95"]
[EventDate "2000.??.??"]

1. d4 g6 2. e4 Bg7 3. c3 d6 4. f4 c6 5. Nf3 d5 6. e5 h5 7. Bd3 Bg4 8. Qb3 Qb6
9. Qxb6 axb6 10. O-O Bxf3 11. Rxf3 e6 12. Bd2 c5 13. Na3 c4 14. Nb5 Na6 15.
Nd6+ Ke7 16. Bc2 Nh6 17. Be1 Nf5 18. Bxf5 gxf5 19. b3 cxb3 20. Bh4+ f6 21. Rg3
Rh7 22. Rxg7+ Rxg7 23. Bxf6+ Kf8 24. Bxg7+ Kxg7 25. axb3 Rb8 26. Kf2 h4 27.
Nxb7 Rxb7 28. Rxa6 Rc7 29. Rxb6 Rxc3 30. Rxe6 Rc2+ 31. Kf1 Rc1+ 32. Ke2 Rc2+
33. Kd3 Rxg2 34. Rf6 Rxh2 35. Rxf5 Rb2 36. Kc3 Rf2 37. e6 Re2 38. Rf7+ Kg8 39.
f5 h3 40. Ra7 h2 41. Ra1 Rf2 42. Rh1 Kg7 43. Kb4 Kf6 44. Kc5 Rxf5 45. Kd6 Rf2
46. e7 Re2 47. Rf1+ Kg7 48. Kd7 {alexyakimov resigns} 1-0

[Event "ICS rated standard match"]
[Site "164.58.253.13"]
[Date "2000.12.26"]
[Round "?"]
[White "Hossa"]
[Black "neochessking"]
[Result "1/2-1/2"]
[WhiteElo "2229"]
[BlackElo "2103"]
[PlyCount "104"]
[EventDate "2000.??.??"]

1. d4 d5 2. c4 c6 3. Nf3 Nf6 4. Qb3 dxc4 5. Qxc4 Bf5 6. Nc3 e6 7. Qb3 Qb6 8.
Qxb6 axb6 9. Nh4 b5 10. Nxf5 exf5 11. e3 Nbd7 12. Bd3 g6 13. O-O Nb6 14. f3 Bh6
15. Re1 O-O 16. Bd2 Rfd8 17. g3 Nfd7 18. a3 Ne5 19. Be2 Nec4 20. Bxc4 Nxc4 21.
Bc1 b4 22. Nb1 bxa3 23. Nxa3 Re8 24. Kf2 Bf8 25. Rb1 Nb6 26. Nc2 f6 27. Bd2 Ra2
28. Nb4 Bxb4 29. Bxb4 Nc4 30. Re2 Kg7 31. Rc2 b5 32. Bc5 h6 33. Re2 Kf7 34. h3
h5 35. e4 fxe4 36. fxe4 Rea8 37. Kf3 g5 38. g4 Rh8 39. gxh5 Rxh5 40. Kg3 Rh4
41. d5 cxd5 42. exd5 Ra8 43. Kg2 Rah8 44. b3 Ne5 45. Rf1 Rxh3 46. Rxe5 Rh2+ 47.
Kg3 R8h3+ 48. Kg4 Rh4+ 49. Kg3 R4h3+ 50. Kg4 Rh4+ 51. Kg3 R4h3+ 52. Kg4 Rh4+ {
Game drawn by repetition} 1/2-1/2

[Event "ICS rated blitz match"]
[Site "164.58.253.13"]
[Date "2000.12.26"]
[Round "?"]
[White "Hossa"]
[Black "chezzz"]
[Result "1-0"]
[WhiteElo "2182"]
[BlackElo "2201"]
[PlyCount "111"]
[EventDate "2000.??.??"]

1. d4 d5 2. c4 dxc4 3. e3 Be6 4. Nf3 Nf6 5. Na3 c3 6. bxc3 h5 7. Bd3 h4 8. Ng5
Bg4 9. Qb3 Qd5 10. e4 Qxb3 11. axb3 h3 12. gxh3 Bxh3 13. Nb5 Kd7 14. Rg1 e6 15.
Nxf7 Rh5 16. Bf4 Nc6 17. Be2 Rh4 18. Bg3 Rxe4 19. Ng5 Bf5 20. Nxe4 Nxe4 21.
Nxc7 Rd8 22. d5 exd5 23. Nxd5 Nxg3 24. hxg3 Kc8 25. Ne3 Be6 26. Bc4 Bxc4 27.
Nxc4 Rd3 28. Rc1 b5 29. Nd2 Ba3 30. Rc2 Ne5 31. Rh1 Rd8 32. Rh7 Nd3+ 33. Ke2
Rd7 34. b4 Nc1+ 35. Ke3 Nd3 36. Rh8+ Kb7 37. Nb3 Ne1 38. Nc5+ Kc7 39. Ra2 Re7+
40. Kf4 Bc1+ 41. Kg4 a5 42. Rxa5 Kd6 43. Rd8+ Kc6 44. Ra6+ Kc7 45. Rdd6 Kb8 46.
Rdb6+ Kc8 47. Ra8+ Kc7 48. Rb7+ Kc6 49. Rc8+ Kd5 50. Rxe7 g6 51. Rxe1 Ba3 52.
Nb7 Bxb4 53. cxb4 Kd4 54. Rd1+ Ke5 55. Rd6 Ke4 56. Re8# {chezzz checkmated} 1-0

[Event "ICS rated blitz match"]
[Site "164.58.253.13"]
[Date "2000.12.26"]
[Round "?"]
[White "chezzz"]
[Black "Hossa"]
[Result "0-1"]
[WhiteElo "2193"]
[BlackElo "2205"]
[PlyCount "126"]
[EventDate "2000.??.??"]

1. e4 Nf6 2. e5 Nd5 3. Nc3 Nxc3 4. dxc3 d6 5. Bf4 Nc6 6. Bb5 a6 7. Bxc6+ bxc6
8. exd6 cxd6 9. Qf3 Bd7 10. O-O-O e5 11. Bg3 Be7 12. Qe3 f5 13. Qd2 f4 14. Bxf4
exf4 15. Qxf4 Be6 16. Re1 Bf7 17. Qe3 Qd7 18. Nf3 Ra7 19. Nd4 c5 20. Qxe7+ Qxe7
21. Nc6 Be6 22. Nxe7 Rxe7 23. Re3 Bf7 24. Rhe1 Rxe3 25. Rxe3+ Kd7 26. Rg3 g6
27. Re3 Re8 28. Rxe8 Bxe8 29. Kd2 Ke7 30. c4 Bc6 31. f3 Kf6 32. Ke3 h6 33. g3
Bd7 34. f4 Kf5 35. h3 h5 36. c3 a5 37. Kf3 Bc6+ 38. Ke3 Bg2 39. h4 Kg4 40. Kf2
Be4 41. b3 Bb1 42. a3 Ba2 43. b4 cxb4 44. axb4 axb4 45. cxb4 Bxc4 46. Ke3 Kxg3
47. Kd4 d5 48. Kc5 Kxf4 49. b5 Bxb5 50. Kxb5 g5 51. hxg5 Kxg5 52. Kc5 h4 53.
Kd4 Kf4 54. Kd3 h3 55. Kd4 h2 56. Kc5 Ke5 57. Kc6 h1=Q 58. Kc5 Qf1 59. Kc6 Qc1+
60. Kb6 Kd6 61. Ka7 Kc6 62. Kb8 Kb6 63. Ka8 Qc8# {chezzz checkmated} 0-1

[Event "ICS rated lightning match"]
[Site "164.58.253.13"]
[Date "2000.12.26"]
[Round "?"]
[White "Hossa"]
[Black "chezzz"]
[Result "1-0"]
[WhiteElo "2085"]
[BlackElo "2368"]
[PlyCount "123"]
[EventDate "2000.??.??"]

1. d4 d5 2. Nf3 Bf5 3. e3 e6 4. Nc3 Bb4 5. a3 Bxc3+ 6. bxc3 Nc6 7. Rb1 Rb8 8.
c4 Nf6 9. cxd5 Nxd5 10. Bb2 O-O 11. Bb5 Qd6 12. O-O Rbd8 13. Qe2 a6 14. Bc4 Na5
15. Ba2 Nc6 16. e4 Nf4 17. Qe3 Rde8 18. exf5 exf5 19. Ne5 Nd5 20. Qf3 Nde7 21.
Nxc6 Qxc6 22. Qxc6 Nxc6 23. Bd5 Re2 24. Bxc6 bxc6 25. Rfc1 Rfe8 26. Bc3 h6 27.
Rb7 R8e7 28. Rb8+ Kh7 29. Ra8 a5 30. Rxa5 Kg6 31. Re5 R7xe5 32. dxe5 c5 33. Kf1
Re4 34. f3 Rc4 35. Bb2 Rh4 36. h3 Rc4 37. Ke2 Kh7 38. Kd3 Ra4 39. Rd1 Ra7 40.
Kc4 Rb7 41. Bc3 Ra7 42. Ra1 Rb7 43. a4 Rb6 44. Kxc5 Kg8 45. a5 Rb8 46. a6 Kf8
47. a7 Ra8 48. Kc6 Ke7 49. Kxc7 Ke6 50. Ra6+ Kd5 51. Kb7 Re8 52. Rd6+ Kc4 53.
Ba5 Re7+ 54. Bc7 Re8 55. Rd8 Rxd8 56. Bxd8 Kd4 57. a8=Q Kxe5 58. Qa1+ Ke6 59.
Kc6 f6 60. Qa2+ Ke5 61. Qc4 g6 62. Bc7# {chezzz checkmated} 1-0

[Event "ICS rated blitz match"]
[Site "164.58.253.13"]
[Date "2000.12.26"]
[Round "?"]
[White "Hossa"]
[Black "MissSilicon"]
[Result "0-1"]
[WhiteElo "2225"]
[BlackElo "2372"]
[PlyCount "122"]
[EventDate "2000.??.??"]

1. d4 f5 2. Nf3 e6 3. g3 Nf6 4. Bg2 d6 5. O-O Be7 6. Na3 Bd7 7. c3 O-O 8. Qb3
Qc8 9. Ng5 d5 10. c4 Nc6 11. cxd5 Nxd4 12. Qc4 c5 13. dxe6 Bc6 14. Bxc6 Qxc6
15. e3 b5 16. Qd3 Nxe6 17. Nxe6 Qxe6 18. Nxb5 Rab8 19. Qe2 Rfd8 20. Nc7 Qf7 21.
Qa6 Rd6 22. Qxa7 Rdb6 23. Na8 R6b7 24. Qa4 Qe8 25. Qc4+ Kh8 26. Qc2 Qc8 27. b3
Rxa8 28. Bb2 Qe6 29. Rfd1 Bd6 30. Qd3 Rd8 31. Qe2 Ng4 32. h3 Nf6 33. Bxf6 Qxf6
34. Qh5 Rbd7 35. Rac1 Qb2 36. Qxf5 Qxa2 37. Rxc5 Qxb3 38. Rcd5 Qb6 39. Qc2 Rc7
40. Qe4 Rcc8 41. Rh5 h6 42. Rb1 Qc7 43. Qd4 Bxg3 44. Qb2 Kh7 45. fxg3 Qxg3+ 46.
Kh1 Qf3+ 47. Qg2 Rd1+ 48. Kh2 Qxh5 49. Qe4+ Kh8 50. Rxd1 Qxd1 51. h4 Rf8 52.
Kg3 Qg1+ 53. Kh3 Qf1+ 54. Kg4 h5+ 55. Kxh5 Qd1+ 56. Kg5 Qg1+ 57. Kh5 Rf6 58.
Qg4 g6+ 59. Kg5 Rf5+ 60. Kh6 Qxg4 61. h5 Rxh5# {Hossa checkmated} 0-1

[Event "ICS Rated standard match"]
[Site "204.178.125.65"]
[Date "2000.12.27"]
[Round "?"]
[White "Hossa"]
[Black "PIETRO-TARICONE"]
[Result "1/2-1/2"]
[WhiteElo "2301"]
[BlackElo "2350"]
[PlyCount "255"]
[EventDate "2000.??.??"]

1. d4 Nf6 2. c4 d6 3. Nf3 g6 4. Nc3 Bg7 5. e4 O-O 6. Be2 e5 7. dxe5 dxe5 8.
Qxd8 Rxd8 9. Bg5 c6 10. Nxe5 Re8 11. O-O-O Na6 12. f4 Nc5 13. Bf3 Be6 14. Bh4
Nh5 15. Bxh5 gxh5 16. Bf2 Bxe5 17. fxe5 Nd7 18. b3 Nxe5 19. Bd4 f6 20. Rhf1 Kg7
21. Rd2 b6 22. Bxe5 fxe5 23. Rd6 Rac8 24. c5 b5 25. Nd1 Rc7 26. Nb2 Bf7 27. Kd2
Re6 28. Rxe6 Bxe6 29. Nd3 Re7 30. Nxe5 Bd5 31. exd5 Rxe5 32. dxc6 Rd5+ 33. Ke3
Rxc5 34. Rd1 Rxc6 35. Rd7+ Kg6 36. Rxa7 Rc2 37. Kf3 Rc3+ 38. Kf4 Rc2 39. Ra6+
Kg7 40. Kg3 Rc3+ 41. Kh4 Rc2 42. Kh3 b4 43. Ra4 Kg6 44. Rxb4 Rxa2 45. Rb6+ Kg5
46. Kg3 Rb2 47. Rb8 Kg6 48. Kf4 Rf2+ 49. Ke3 Rb2 50. Rb6+ Kg5 51. Kf3 h4 52.
Rb5+ Kf6 53. h3 Ke6 54. Rb7 Kd5 55. Rb4 Kc5 56. Rb8 Kc6 57. Rc8+ Kd6 58. Rd8+
Kc7 59. Rd3 Kc6 60. g4 hxg3 61. Kxg3 Kc5 62. Kg4 Rg2+ 63. Rg3 Rd2 64. Kg5 Rd6
65. h4 Rg6+ 66. Kf4 Rf6+ 67. Ke5 Rb6 68. h5 Kb4 69. Rh3 Rc6 70. Kf5 Rd6 71. Kg5
Re6 72. Rd3 Rb6 73. Re3 Kc5 74. Rf3 Kd4 75. b4 Kc4 76. Rf4+ Kd5 77. Kf5 Rh6 78.
Rh4 Rd6 79. Rg4 Rh6 80. Kg5 Rb6 81. Rf4 Ke5 82. b5 Rd6 83. Rb4 h6+ 84. Kh4 Rb6
85. Kg4 Kd6 86. Kf5 Kc5 87. Rb3 Kc4 88. Rb1 Kd3 89. Kg4 Ke3 90. Rb3+ Ke2 91.
Kg3 Kd2 92. Kh4 Kc2 93. Rb4 Kc3 94. Rb1 Kd4 95. Kg3 Kd3 96. Kf4 Kc2 97. Rh1
Rxb5 98. Rh3 Ra5 99. Ke4 Kd2 100. Kd4 Kc2 101. Kc4 Kd2 102. Kb4 Rg5 103. Kc4
Ke2 104. Rh2+ Kf3 105. Ra2 Rxh5 106. Ra3+ Kg4 107. Kd4 Rf5 108. Ra6 h5 109. Ke4
Rf4+ 110. Ke3 Rf3+ 111. Ke4 Rf4+ 112. Ke3 Kg3 113. Rg6+ Rg4 114. Rf6 h4 115.
Rf3+ Kg2 116. Rf2+ Kg1 117. Re2 Rg2 118. Re1+ Kh2 119. Kf3 h3 120. Rf1 Rg7 121.
Rf2+ Kg1 122. Re2 Rg2 123. Re1+ Kh2 124. Rf1 Ra2 125. Rf2+ Rxf2+ 126. Kxf2 Kh1
127. Kg3 h2 128. Kf2 {PIETRO-TARICONE stalemated} 1/2-1/2

[Event "ICS rated standard match"]
[Site "204.178.125.65"]
[Date "2000.12.27"]
[Round "?"]
[White "BOXERMA"]
[Black "Hossa"]
[Result "0-1"]
[WhiteElo "1946"]
[BlackElo "2303"]
[PlyCount "28"]
[EventDate "2000.??.??"]

1. e4 Nf6 2. e5 Nd5 3. Nc3 Nxc3 4. dxc3 d6 5. Bf4 Nc6 6. exd6 e5 7. Bg3 Bxd6 8.
Bc4 O-O 9. Ne2 Qf6 10. O-O Rd8 11. Qd5 Be7 12. Qb5 a6 13. Qa4 Bf5 14. Rac1 b5 {
BOXERMA resigns} 0-1

[Event "ICS rated standard match"]
[Site "204.178.125.65"]
[Date "2000.12.27"]
[Round "?"]
[White "PIETRO-TARICONE"]
[Black "Hossa"]
[Result "1-0"]
[WhiteElo "2348"]
[BlackElo "2307"]
[PlyCount "115"]
[EventDate "2000.??.??"]

1. e4 Nf6 2. e5 Nd5 3. c4 Nb6 4. c5 Nd5 5. Nc3 Nxc3 6. dxc3 d5 7. Nf3 e6 8. Be3
Be7 9. Bd3 Nd7 10. b4 f6 11. Bf4 fxe5 12. Nxe5 O-O 13. Qc2 Nf6 14. Bg5 h6 15.
Bxf6 Rxf6 16. O-O a5 17. f4 Bd7 18. Rae1 axb4 19. cxb4 Ba4 20. Qb1 Bd7 21. Bh7+
Kh8 22. Bc2 Be8 23. Ng4 Rf8 24. Rxe6 Bd7 25. Rg6 Bxg4 26. Rxg4 Bf6 27. Rd1 c6
28. a4 Qe7 29. Re1 Bd4+ 30. Kh1 Qf6 31. Qd1 Rae8 32. Rf1 Be3 33. Bg6 Re7 34. f5
Kg8 35. Qb3 Bg5 36. Qf3 Qb2 37. Rxg5 Qxb4 38. Rg3 Qxc5 39. Rg4 b6 40. Rb1 Rb7
41. Rgb4 Re7 42. Qd1 Rb8 43. Qg1 Re3 44. h3 Kh8 45. Qh2 Rb7 46. Qf4 Qe7 47.
Rxb6 Rxb6 48. Rxb6 Rxh3+ 49. gxh3 Qe1+ 50. Kg2 Qe2+ 51. Qf2 Qe4+ 52. Kg1 Qe5
53. Rxc6 Qb8 54. f6 Qe8 55. fxg7+ Kg8 56. Bxe8 Kxg7 57. Qf7+ Kh8 58. Rxh6# {
Hossa checkmated} 1-0

[Event "ICS rated blitz match"]
[Site "204.178.125.65"]
[Date "2000.12.27"]
[Round "?"]
[White "warps"]
[Black "Hossa"]
[Result "1-0"]
[WhiteElo "2720"]
[BlackElo "2620"]
[PlyCount "95"]
[EventDate "2000.??.??"]

1. e4 c5 2. Nf3 d6 3. d4 cxd4 4. Nxd4 Nf6 5. Nc3 g6 6. Be3 Bg7 7. f3 O-O 8. Qd2
Nc6 9. Bc4 Bd7 10. O-O-O Ne5 11. Bb3 Qa5 12. h4 Rfc8 13. h5 Nxh5 14. Bh6 Nd3+
15. Kb1 Bxh6 16. Qxd3 Bg5 17. Nde2 Qc5 18. a3 h6 19. e5 Bf5 20. Qd5 Be6 21.
Qxc5 Rxc5 22. Bxe6 fxe6 23. exd6 exd6 24. Rxd6 Rac8 25. Rxe6 Kf7 26. Rd6 R5c7
27. Rdd1 a6 28. g4 Ng7 29. f4 Bf6 30. Rxh6 Ne8 31. f5 gxf5 32. gxf5 Bg7 33. Re6
Bxc3 34. Nxc3 Ng7 35. Re2 Nh5 36. Ne4 Kg8 37. Rh1 Nf4 38. Reh2 Ng6 39. fxg6 Kg7
40. Rg2 Kg8 41. Nf6+ Kf8 42. Rh7 Rg7 43. Nh5 Rxg6 44. Rxg6 Rd8 45. Rgg7 Rd1+
46. Ka2 Ra1+ 47. Kxa1 a5 48. Rh8# {Hossa checkmated} 1-0

[Event "ICS rated blitz match"]
[Site "204.178.125.65"]
[Date "2000.12.27"]
[Round "?"]
[White "Hossa"]
[Black "armenjan"]
[Result "1-0"]
[WhiteElo "2608"]
[BlackElo "2102"]
[PlyCount "53"]
[EventDate "2000.??.??"]

1. e4 e6 2. d4 d5 3. e5 c5 4. c3 Bd7 5. Nf3 Qb6 6. Bd3 Bb5 7. Bxb5+ Qxb5 8. a4
Qd7 9. dxc5 Bxc5 10. b4 Bf8 11. O-O Ne7 12. Bg5 Nbc6 13. b5 Na5 14. Na3 h6 15.
Bh4 Nf5 16. Bg3 Rc8 17. Nb1 Bc5 18. Bf4 O-O 19. Qe2 d4 20. Rd1 Nb3 21. Ra2 Qe7
22. Rb2 dxc3 23. Rxb3 c2 24. Qxc2 Be3 25. Qe4 Rfd8 26. Rxd8+ Qxd8 27. Rxe3 {
armenjan resigns} 1-0

[Event "ICS rated blitz match"]
[Site "204.178.125.65"]
[Date "2000.12.27"]
[Round "?"]
[White "VIP"]
[Black "Hossa"]
[Result "0-1"]
[WhiteElo "2123"]
[BlackElo "2610"]
[PlyCount "40"]
[EventDate "2000.??.??"]

1. g3 e6 2. Bg2 d5 3. Nf3 Nf6 4. O-O Bd6 5. d3 e5 6. Nbd2 O-O 7. c4 c6 8. a3
Bf5 9. b4 e4 10. Nh4 Be5 11. Ra2 Be6 12. dxe4 dxc4 13. Nhf3 c3 14. Nxe5 Bxa2
15. Ndc4 Qxd1 16. Rxd1 Re8 17. Bf4 Nh5 18. Nd6 Nxf4 19. Nxe8 c2 20. Rc1 Nxe2+ {
VIP resigns} 0-1

[Event "ICS rated standard match"]
[Site "204.178.125.65"]
[Date "2000.12.27"]
[Round "?"]
[White "Hossa"]
[Black "BOXERMA"]
[Result "1-0"]
[WhiteElo "2293"]
[BlackElo "1935"]
[PlyCount "47"]
[EventDate "2000.??.??"]

1. e4 c5 2. Nf3 d6 3. d4 cxd4 4. Nxd4 Nf6 5. Nc3 Nc6 6. Bc4 Qb6 7. Nb3 a6 8.
Be3 Qc7 9. O-O e6 10. Bd3 Be7 11. Na4 b5 12. Nb6 Rb8 13. Nxc8 Rxc8 14. a4 Rb8
15. axb5 axb5 16. Qe2 O-O 17. f3 b4 18. Bb5 Rfc8 19. Ra6 Qb7 20. Rb6 Qxb6 21.
Bxb6 Rxb6 22. Rd1 d5 23. exd5 Nxd5 24. Rxd5 {BOXERMA resigns} 1-0

[Event "ICS rated standard match"]
[Site "204.178.125.65"]
[Date "2000.12.27"]
[Round "?"]
[White "BOXERMA"]
[Black "Hossa"]
[Result "0-1"]
[WhiteElo "1913"]
[BlackElo "2297"]
[PlyCount "96"]
[EventDate "2000.??.??"]

1. e4 c5 2. c3 d5 3. exd5 Qxd5 4. d4 Nf6 5. Nf3 e6 6. Be2 cxd4 7. cxd4 Bb4+ 8.
Nc3 O-O 9. O-O Qd6 10. h3 Bd7 11. Be3 Nc6 12. a3 Ba5 13. Qd3 Rfc8 14. Ne4 Nxe4
15. Qxe4 Bb6 16. Rfd1 Qb8 17. Bf4 Bc7 18. Bxc7 Qxc7 19. Rac1 Qb6 20. b4 Ne7 21.
Ne5 Bb5 22. Bf3 Nd5 23. Re1 f6 24. Nd3 Rxc1 25. Nxc1 Re8 26. Nb3 Qd6 27. Rc1 b6
28. Qc2 Bd7 29. Qd2 Ba4 30. Qb2 Nf4 31. Qc3 Bxb3 32. Qxb3 Qxd4 33. Rc7 Nd3 34.
Qc2 Qa1+ 35. Kh2 Qe5+ 36. Kg1 Qe1+ 37. Kh2 Nxf2 38. Rc8 Rxc8 39. Qxc8+ Kf7 40.
Qc7+ Kg6 41. Qg3+ Kf5 42. Bg4+ Ke4 43. Qf3+ Kd4 44. Bxe6 Qh1+ 45. Kg3 Ne4+ 46.
Kg4 Qc1 47. Qf4 h5+ 48. Kf5 g6+ {BOXERMA resigns} 0-1

[Event "ICS rated blitz match"]
[Site "204.178.125.65"]
[Date "2000.12.27"]
[Round "?"]
[White "Hossa"]
[Black "Lami"]
[Result "1-0"]
[WhiteElo "2612"]
[BlackElo "2063"]
[PlyCount "97"]
[EventDate "2000.??.??"]

1. e4 e5 2. Nf3 Nc6 3. Bb5 g6 4. Nc3 Bg7 5. O-O Nge7 6. Re1 O-O 7. d3 d6 8. Bg5
h6 9. Be3 f5 10. Bc4+ Kh7 11. Rf1 f4 12. Bd2 g5 13. Bc1 Ng6 14. a3 g4 15. Nd2
h5 16. f3 Bf6 17. fxg4 hxg4 18. b4 a6 19. Bb2 Kg7 20. g3 f3 21. Qe1 Rh8 22. Qf2
Qe7 23. Nd5 Qd8 24. Nxf6 Qxf6 25. b5 axb5 26. Bxb5 Be6 27. Bxc6 bxc6 28. h4
gxh3 29. Nxf3 Raf8 30. Qh2 Qe7 31. Rf2 c5 32. Raf1 c4 33. d4 Bg4 34. Nd2 Rxf2
35. Rxf2 exd4 36. Bxd4+ Ne5 37. Nxc4 Qe6 38. Ne3 Kg6 39. Rf4 Nf3+ 40. Rxf3 Bxf3
41. Bxh8 Qxe4 42. Qd2 h2+ 43. Kxh2 c6 44. Qxd6+ Kg5 45. Qf6+ Kh5 46. Qf7+ Kh6
47. Bg7+ Kg5 48. Qf6+ Kh5 49. Qh6# {Lami checkmated} 1-0

[Event "ICS rated blitz match"]
[Site "204.178.125.65"]
[Date "2000.12.27"]
[Round "?"]
[White "Greb"]
[Black "Hossa"]
[Result "0-1"]
[WhiteElo "1951"]
[BlackElo "2613"]
[PlyCount "54"]
[EventDate "2000.??.??"]

1. d4 Nf6 2. Nf3 g6 3. Bf4 Bg7 4. e3 O-O 5. Be2 d5 6. h3 c5 7. O-O Qb6 8. Qc1
cxd4 9. exd4 Bf5 10. c3 Na6 11. Nbd2 Nc7 12. Nh4 Bd7 13. Be5 Bh6 14. Qc2 Qc6
15. Nb3 b6 16. Bd3 Bc8 17. f4 Nd7 18. f5 Nxe5 19. dxe5 Be3+ 20. Kh1 Qa4 21. g3
Bb7 22. fxg6 fxg6 23. Bxg6 d4+ 24. Kh2 hxg6 25. Qxg6+ Kh8 26. Nf5 Ne6 27. Qh6+
Bxh6 {Greb resigns} 0-1

[Event "ICS Rated blitz match"]
[Site "204.178.125.65"]
[Date "2000.12.27"]
[Round "?"]
[White "ChesterX"]
[Black "Hossa"]
[Result "1-0"]
[WhiteElo "2627"]
[BlackElo "2614"]
[PlyCount "121"]
[EventDate "2000.??.??"]

1. d4 f5 2. Bg5 Nc6 3. d5 Ne5 4. Nf3 Nxf3+ 5. exf3 h6 6. Be3 e6 7. dxe6 dxe6 8.
Qxd8+ Kxd8 9. Nc3 Nf6 10. Bc4 Bd7 11. O-O-O Kc8 12. Bf4 Bc5 13. Rd2 Bb4 14. Be5
Ne8 15. a3 Be7 16. Nb5 Bxb5 17. Bxb5 Nd6 18. Ba4 Bg5 19. f4 Bh4 20. Rhd1 Kb8
21. g3 Be7 22. Bb3 Ne4 23. Rd7 Bd6 24. Bxe6 a5 25. Bxg7 Re8 26. Bxf5 Nxf2 27.
Rf1 Bc5 28. Be5 Bb6 29. Rd2 Rf8 30. g4 Nxg4 31. Bxg4 Be3 32. Rf3 Bxd2+ 33. Kxd2
Ra6 34. Rc3 Rf7 35. f5 a4 36. Rc5 Ra7 37. Rd5 Ra8 38. f6 Rf8 39. Rc5 Ka7 40.
Rxc7 Rae8 41. Re7 Ka6 42. Rxe8 Rxe8 43. f7 Rf8 44. Bh5 Rd8+ 45. Ke3 b6 46. Be2+
b5 47. Bg7 Rc8 48. Bxh6 Kb6 49. h4 b4 50. axb4 Rd8 51. h5 Kc7 52. f8=Q Rxf8 53.
Bxf8 Kd8 54. b5 Kc8 55. h6 Kd7 56. h7 Ke8 57. h8=Q Kd8 58. Bc5+ Kc7 59. Qa8 Kd7
60. Bg4+ Kc7 61. b6# {Hossa checkmated} 1-0

[Event "ICS rated blitz match"]
[Site "204.178.125.65"]
[Date "2000.12.27"]
[Round "?"]
[White "Hossa"]
[Black "Tinker"]
[Result "0-1"]
[WhiteElo "2599"]
[BlackElo "2377"]
[PlyCount "134"]
[EventDate "2000.??.??"]

1. e4 c5 2. Nf3 d6 3. d4 cxd4 4. Nxd4 Nf6 5. Nc3 g6 6. Be3 Bg7 7. f3 O-O 8. Qd2
Nc6 9. Bc4 Bd7 10. O-O-O Rc8 11. Bb3 Ne5 12. h4 h5 13. Bg5 Rc5 14. g4 hxg4 15.
f4 Nc4 16. Qe2 b5 17. Ncxb5 Nxe4 18. Qxe4 Bxb5 19. Nxb5 Bxb2+ 20. Kb1 d5 21.
Bxc4 dxe4 22. Rxd8 Rxd8 23. Kxb2 Rxc4 24. Na3 Rb4+ 25. Kc3 Rb7 26. h5 Rc7+ 27.
Kb2 f6 28. Bh6 Kh7 29. hxg6+ Kxg6 30. c3 g3 31. f5+ Kxf5 32. Kc2 Rdc8 33. Nb5
Rc4 34. Be3 a6 35. Nd4+ Kg4 36. Ne2 Kf3 37. Kd2 Rd8+ 38. Nd4+ Kg4 39. Kc2 e5
40. Ne6 Rdc8 41. Bd2 Kf5 42. Ng7+ Kg6 43. Nh5 g2 44. Rg1 Kxh5 45. Rxg2 e3 46.
Be1 f5 47. Kd3 Re4 48. Rh2+ Kg6 49. Rg2+ Kf7 50. Rb2 e2 51. Rb7+ Ke8 52. Rh7
Rd8+ 53. Kc2 Rd1 54. Rh1 f4 55. Rh8+ Kf7 56. Rh7+ Kg6 57. Rh1 Rxe1 58. Rxe1 f3
59. Kd2 Kf5 60. a4 f2 61. Rxe2 f1=Q 62. Rxe4 Kxe4 63. Kc2 Qd3+ 64. Kc1 Qe2 65.
Kb1 Kd3 66. a5 Kxc3 67. Kc1 Qe1# {Hossa checkmated} 0-1